Confieso que he vivido: memorias
Guardat en:
| Autor principal: | |
|---|---|
| Format: | Llibre |
| Idioma: | espanyol |
| Publicat: |
Santiago
Planeta
2003
|
| Edició: | 3a. ed |
| Col·lecció: | Biblioteca del Bicentenario
|
| Matèries: | |
| Etiquetes: |
Afegir etiqueta
Sense etiquetes, Sigues el primer a etiquetar aquest registre!
|
MARC
| LEADER | 00000nam a2200000 a 4500 | ||
|---|---|---|---|
| 001 | UCL6928 | ||
| 003 | CL-VaPUC | ||
| 005 | 20250416120901.0 | ||
| 008 | 040423e20030200CL |||||||||||||||||spa|d | ||
| 999 | |c 308806 |d 308804 | ||
| 020 | |a 9562472655 | ||
| 040 | |c Pontificia Universidad Católica de Valparaíso | ||
| 082 | 0 | 4 | |a Ch860.92 |b NER |2 21 |
| 100 | |a Neruda, Pablo |e autor |9 306531 | ||
| 245 | 1 | 0 | |a Confieso que he vivido: memorias |
| 250 | |a 3a. ed | ||
| 260 | |a Santiago |b Planeta |c 2003 | ||
| 300 | |a 363 p | ||
| 490 | 0 | |a Biblioteca del Bicentenario | |
| 583 | |a last modification |c 20040423 00:00:00 |k Rodrigo Vera | ||
| 650 | 0 | |a Autobiografías |9 265171 | |
| 650 | 0 | |a Escritores chilenos |9 420370 | |
| 650 | 0 | |a Vida y obra |9 311871 | |
| 650 | 0 | |a Literatura chilena |9 308278 | |
| 942 | |c BK |2 ddc | ||
| 945 | |d 20040423 00:00:00 |a cmena | ||